Ballons d'Or : Mort Subite - Statistiques

Statistiques générales
  • Ce quiz a été pris 1 814 fois
  • Le résultat moyen est 6 sur 10
Answers on the Grid
Answers color-coded by a green-red scale on the quiz's grid according to % correct below.
Michel Platini
Robert Lewandowski
Diego Maradona
Lothar Matthäus
Pelé
Johann Cruyff
Rivaldo
David Beckham
Franz Beckenbauer
Zinédine Zidane
Neymar JR
Arjen Robben
Cristiano Ronaldo
Andrea Pirlo
Fabio Cannavaro
Paolo Maldini
Raùl
Alfredo Di Stefano
Ferenc Puskas
Bobby Charlton
 
Statistiques - réponses
Réponse % Correct
Michel Platini
92%
Cristiano Ronaldo
68%
Johann Cruyff
67%
Zinédine Zidane
67%
Fabio Cannavaro
57%
Rivaldo
54%
Franz Beckenbauer
52%
Lothar Matthäus
47%
Alfredo Di Stefano
46%
Bobby Charlton
38%
Aucun quiz correspondant
Distribution des résultats
% des personnes avec chaque résultat
Percentile par nombre de réponses
Votre historique - résultats
Vous n’avez pas pris ce quiz